Central Library OPAC University of Rajshahi

Legislation of Edward I : (Record no. 1511)

MARC details
000 -LEADER
fixed length control field 00873cam a2200265 a 4500
001 - CONTROL NUMBER
control field 1511
003 - CONTROL NUMBER IDENTIFIER
rucl marc code UkOxU
005 - DATE AND TIME OF LATEST TRANSACTION
control field 20211208233341.0
008 - FIXED-LENGTH DATA ELEMENTS--GENERAL INFORMATION
fixed length control field 950118s1949 enk 001 0 eng d
035 ## - SYSTEM CONTROL NUMBER
System control number (BD-RjUL)1534
040 ## - CATALOGING SOURCE
Original cataloging agency BD-RjUL
Language of cataloging eng
Transcribing agency BD-RjUL
041 ## - LANGUAGE CODE
Language code of text/sound track or separate title eng
082 ## - DEWEY DECIMAL CLASSIFICATION NUMBER
Classification number 347.4209
Author mark and year PLL 1949
100 1# - MAIN ENTRY--PERSONAL NAME
Personal name Plucknett, Theodore Frank Thomas,
Dates associated with a name 1897-1965.
9 (RLIN) 1537
245 10 - TITLE STATEMENT
Title Legislation of Edward I :
Remainder of title the Ford lectures delivered in the University of Oxford in Hilary term 1947 /
Statement of responsibility, etc. by T.F.T. Plucknett.
246 3# - VARYING FORM OF TITLE
Title proper/short title Legislation of Edward I
260 ## - PUBLICATION, DISTRIBUTION, ETC. (IMPRINT)
Place of publication, distribution, etc. Oxford :
Name of publisher, distributor, etc. Clarendon Press,
Date of publication, distribution, etc. 1949.
300 ## - PHYSICAL DESCRIPTION
Pagination xv, 168 p. ;
Size 23 cm.
504 ## - BIBLIOGRAPHY, ETC. NOTE
Bibliography, etc Includes index.
600 00 - SUBJECT ADDED ENTRY--PERSONAL NAME
Personal name Edward
Titles and other words associated with a name King of England,
Dates associated with a name 1239-1307.
650 #0 - SUBJECT ADDED ENTRY--TOPICAL TERM
Topical term or geographic name as entry element Law
Geographic subdivision Great Britain
General subdivision History
Chronological subdivision To 1500.
9 (RLIN) 4563
830 #0 - SERIES ADDED ENTRY--UNIFORM TITLE
Volume number/sequential designation 1947
Uniform title Ford lectures ;
942 ## - ADDED ENTRY ELEMENTS (KOHA)
Source of classification or shelving scheme Dewey Decimal Classification
Koha item type Books
Holdings
Lost status Source of classification or shelving scheme Damaged status Not for loan Collection code Permanent Location Current Location Shelving location Date acquired Source of acquisition Cost, normal purchase price Total Checkouts Full call number Date last seen Copy number Koha item type
  Dewey Decimal Classification   Not For Loan Non-fiction Central Library, University of Rajshahi Central Library, University of Rajshahi Reading Room 23/06/1955 O.U.P. 10.20   347.4209 PLL 1949 18/12/2013 C-1 Books